| 000 | 00811nam a2200253 i 4500 | ||
|---|---|---|---|
| 001 | 18866 | ||
| 003 | ES-MaACL | ||
| 005 | 20250323192207.0 | ||
| 007 | t| | ||
| 008 | 020404s2001 sp ||||1| spa d | ||
| 020 | _a84-01-30506-3 | ||
| 080 | _a72 Gaudí, Antoni | ||
| 080 | _a929 Gaudí, Antoni | ||
| 100 | 1 |
_aVan Hensbergen, Gijs. _9113036 |
|
| 245 | 1 | 0 |
_aAntoni Gaudí / _cGijs van Hensbergen ; traducción de Patricia Antón. |
| 250 | _a1ª ed. | ||
| 260 |
_aBarcelona : _bPlaza & Janés, _c2001. |
||
| 300 |
_a347 p., [32] p. de lám. col. : _bil. ; _c24 cm. |
||
| 500 | _a"Publicado con motivo del 150 aniversario de Antoni Gaudí" | ||
| 600 | 1 | 4 |
_aGaudí, Antoni, _d1852-1926 _955994 |
| 700 | 1 |
_aAntón, Patricia. _921940 |
|
| 852 |
_aES-MaACL _jL-25349 _bR.130619 |
||
| 999 |
_c18866 _d18866 |
||